[Event "2025 National K-12 Grade Championship"]
[Site "Spokane, WI USA, United States"]
[Date "2025.12.14"]
[Round "6.10"]
[White "Tang, Austin"]
[Black "Xu, Gordon Zhenyu"]
[Result "1/2-1/2"]
[TimeControl "G/90; d10"]
[BlackTitle "CM"]
[WhiteFideId "30964580"]
[BlackFideId "30981506"]
[WhiteElo "2172"]
[BlackElo "2258"]

1. e4 {[%clk 01:30:00]} {[%emt 00:00:02]} c5 {[%clk 01:30:00]} {[%emt
00:00:18]} 2. Nf3 {[%clk 01:29:57]} {[%emt 00:00:12]} e6 {[%clk 01:30:00]}
{[%emt 00:00:03]} 3. d4 {[%clk 01:29:56]} {[%emt 00:00:10]} cxd4 {[%clk
01:29:59]} {[%emt 00:00:11]} 4. Nxd4 {[%clk 01:29:56]} {[%emt 00:00:05]} Nf6
{[%clk 01:29:59]} {[%emt 00:00:07]} 5. Nc3 {[%clk 01:29:56]} {[%emt 00:00:06]}
Nc6 {[%clk 01:29:59]} {[%emt 00:00:03]} 6. Ndb5 {[%clk 01:29:24]} {[%emt
00:00:42]} Bc5 {[%clk 01:29:59]} {[%emt 00:00:06]} 7. Bf4 {[%clk 01:29:11]}
{[%emt 00:00:23]} O-O {[%clk 01:29:59]} {[%emt 00:00:05]} 8. Bc7 {[%clk
01:29:11]} {[%emt 00:00:09]} Qe7 {[%clk 01:29:59]} {[%emt 00:00:03]} 9. Bd6
{[%clk 01:29:11]} {[%emt 00:00:08]} Bxd6 {[%clk 01:29:59]} {[%emt 00:00:03]} 10.
Qxd6 {[%clk 01:29:11]} {[%emt 00:00:07]} Qd8 {[%emt 00:00:58]} 11. O-O-O {[%clk
01:27:16]} {[%emt 00:01:08]} a6 {[%clk 01:28:42]} {[%emt 00:01:27]} 12. Nd4
{[%clk 01:27:16]} {[%emt 00:00:10]} Ne7 {[%clk 01:26:47]} {[%emt 00:02:05]} 13.
h4 {[%clk 01:26:33]} {[%emt 00:00:53]} b5 {[%clk 01:26:26]} {[%emt 00:00:31]}
14. h5 {[%clk 01:26:08]} {[%emt 00:00:35]} h6 {[%clk 01:14:24]} {[%emt
00:12:12]} 15. g4 {[%clk 01:25:03]} {[%emt 00:01:15]} Ne8 {[%clk 01:12:23]}
{[%emt 00:02:11]} 16. Qg3 {[%clk 01:19:32]} {[%emt 00:05:42]} b4 {[%clk
01:10:09]} {[%emt 00:02:24]} 17. Nce2 {[%clk 01:17:15]} {[%emt 00:02:27]} Qa5
{[%clk 01:05:56]} {[%emt 00:04:22]} 18. Kb1 {[%clk 01:16:57]} {[%emt 00:00:29]}
Bb7 {[%clk 01:05:21]} {[%emt 00:00:44]} 19. Bg2 {[%clk 01:07:45]} {[%emt
00:09:21]} Rc8 {[%clk 00:53:11]} {[%emt 00:12:21]} 20. Nc1 {[%clk 01:00:08]}
{[%emt 00:07:48]} e5 {[%clk 00:38:36]} {[%emt 00:14:45]} 21. Nf5 {[%clk
00:45:33]} {[%emt 00:14:44]} Nxf5 {[%clk 00:35:02]} {[%emt 00:03:44]} 22. exf5
{[%clk 00:45:00]} {[%emt 00:00:43]} Bxg2 {[%clk 00:33:10]} {[%emt 00:02:02]} 23.
Qxg2 {[%clk 00:45:00]} {[%emt 00:00:06]} Qc5 {[%clk 00:29:09]} {[%emt
00:04:11]} 24. f3 {[%clk 00:38:13]} {[%emt 00:06:57]} Nd6 {[%clk 00:23:42]}
{[%emt 00:05:36]} 25. g5 {[%clk 00:30:55]} {[%emt 00:07:29]} Nxf5 {[%clk
00:22:07]} {[%emt 00:01:45]} 26. gxh6 {[%clk 00:30:55]} {[%emt 00:00:08]} Nxh6
{[%clk 00:21:16]} {[%emt 00:01:01]} 27. Rxd7 {[%clk 00:28:22]} {[%emt
00:02:44]} Qc6 {[%clk 00:20:20]} {[%emt 00:01:06]} 28. Rd2 {[%clk 00:26:18]}
{[%emt 00:02:13]} a5 {[%clk 00:19:43]} {[%emt 00:00:47]} 29. Rg1 {[%clk
00:24:08]} {[%emt 00:02:19]} Nf5 {[%clk 00:18:58]} {[%emt 00:00:56]} 30. Qg4
{[%clk 00:23:12]} {[%emt 00:01:06]} Qf6 {[%clk 00:18:14]} {[%emt 00:00:53]} 31.
Qg5 {[%clk 00:21:28]} {[%emt 00:01:55]} Kh7 {[%clk 00:16:47]} {[%emt 00:01:37]}
32. Nd3 {[%clk 00:21:03]} {[%emt 00:00:35]} Rfe8 {[%clk 00:15:26]} {[%emt
00:01:31]} 33. Rdg2 {[%clk 00:18:21]} {[%emt 00:02:52]} Rc4 {[%clk 00:12:14]}
{[%emt 00:03:22]} 34. Qxf6 {[%clk 00:13:31]} {[%emt 00:05:00]} gxf6 {[%clk
00:12:14]} {[%emt 00:00:06]} 35. Nf2 {[%clk 00:13:31]} {[%emt 00:00:04]} Rf4
{[%clk 00:11:31]} {[%emt 00:00:52]} 36. Ne4 {[%clk 00:13:31]} {[%emt 00:00:08]}
Re6 {[%clk 00:11:25]} {[%emt 00:00:15]} 37. Nd2 {[%clk 00:12:25]} {[%emt
00:01:17]} Rh4 {[%clk 00:10:51]} {[%emt 00:00:45]} 38. Nb3 {[%clk 00:09:00]}
{[%emt 00:03:35]} Rh3 {[%clk 00:10:30]} {[%emt 00:00:30]} 39. Nc5 {[%clk
00:08:24]} {[%emt 00:00:47]} Rd6 {[%clk 00:09:53]} {[%emt 00:00:46]} 40. Ne4
{[%clk 00:08:11]} {[%emt 00:00:23]} Rc6 {[%clk 00:09:53]} {[%emt 00:00:03]} 41.
Rf2 {[%clk 00:06:30]} {[%emt 00:01:52]} Nd4 {[%clk 00:08:26]} {[%emt 00:01:36]}
42. c3 {[%clk 00:05:27]} {[%emt 00:01:14]} bxc3 {[%clk 00:07:44]} {[%emt
00:00:52]} 43. bxc3 {[%clk 00:05:27]} {[%emt 00:00:01]} Nb5 {[%clk 00:04:32]}
{[%emt 00:03:22]} 44. Rfg2 {[%clk 00:04:44]} {[%emt 00:00:53]} Nxc3+ {[%clk
00:03:56]} {[%emt 00:00:46]} 45. Nxc3 {[%clk 00:04:44]} {[%emt 00:00:04]} Rxc3
{[%clk 00:03:56]} 46. Rg7+ {[%clk 00:04:44]} {[%emt 00:00:02]} Kh6 {[%clk
00:03:56]} {[%emt 00:00:02]} 47. Rg8 {[%clk 00:04:44]} {[%emt 00:00:04]} Kh7
{[%clk 00:03:56]} {[%emt 00:00:02]} 1/2-1/2

[Event "2025 National K-12 Grade Championship"]
[Site "Spokane, WI USA, United States"]
[Date "2025.12.14"]
[Round "6.11"]
[White "Moorhouse, Will"]
[Black "Osman, Yaseen"]
[Result "1-0"]
[TimeControl "G/90; d10"]
[WhiteFideId "30989531"]
[BlackFideId "39959953"]
[WhiteElo "2194"]
[BlackElo "2077"]

1. e4 {[%clk 01:30:00]} {[%emt 00:00:05]} c6 {[%clk 01:30:00]} {[%emt
00:00:03]} 2. d4 {[%clk 01:28:39]} {[%emt 00:01:31]} d5 {[%clk 01:30:00]}
{[%emt 00:00:07]} 3. e5 {[%clk 01:28:39]} {[%emt 00:00:07]} Bf5 {[%clk
01:29:59]} {[%emt 00:00:11]} 4. Nf3 {[%clk 01:23:42]} {[%emt 00:05:08]} e6
{[%clk 01:29:44]} {[%emt 00:00:24]} 5. Be2 {[%clk 01:23:05]} {[%emt 00:00:48]}
c5 {[%clk 01:29:39]} {[%emt 00:00:15]} 6. Be3 {[%clk 01:19:16]} {[%emt
00:03:59]} Qb6 {[%clk 01:26:01]} {[%emt 00:03:47]} 7. c4 {[%clk 01:11:17]}
{[%emt 00:08:10]} dxc4 {[%clk 01:21:35]} {[%emt 00:04:35]} 8. Nbd2 {[%clk
00:57:28]} {[%emt 00:13:59]} Nd7 {[%clk 01:01:32]} {[%emt 00:20:14]} 9. Nxc4
{[%clk 00:51:27]} {[%emt 00:06:11]} Qc7 {[%clk 00:59:25]} {[%emt 00:02:16]} 10.
O-O {[%clk 00:49:12]} {[%emt 00:02:25]} O-O-O {[%clk 00:54:03]} {[%emt
00:05:32]} 11. b4 {[%clk 00:36:29]} {[%emt 00:12:53]} Kb8 {[%clk 00:43:23]}
{[%emt 00:10:50]} 12. Rc1 {[%clk 00:31:19]} {[%emt 00:05:20]} cxb4 {[%clk
00:40:19]} {[%emt 00:03:15]} 13. Nd6 {[%clk 00:27:04]} {[%emt 00:04:25]} Bxd6
{[%clk 00:40:19]} {[%emt 00:00:07]} 14. Rxc7 {[%clk 00:27:02]} {[%emt
00:00:12]} Bxc7 {[%clk 00:40:19]} {[%emt 00:00:07]} 15. d5 {[%emt 00:01:31]}
exd5 {[%clk 00:39:50]} {[%emt 00:00:14]} 16. Nd4 {[%clk 00:25:07]} {[%emt
00:01:08]} Be6 {[%clk 00:38:32]} {[%emt 00:01:27]} 17. Nb5 {[%clk 00:22:57]}
{[%emt 00:02:21]} Bb6 {[%clk 00:37:08]} {[%emt 00:01:34]} 18. Bxb6 {[%clk
00:22:26]} {[%emt 00:00:41]} Nxb6 {[%clk 00:37:08]} {[%emt 00:00:06]} 19. Qb1
{[%clk 00:21:47]} {[%emt 00:00:48]} Ne7 {[%clk 00:36:45]} {[%emt 00:00:32]} 20.
Nd4 {[%clk 00:21:47]} {[%emt 00:00:09]} Bd7 {[%clk 00:30:10]} {[%emt 00:06:47]}
21. Qxb4 {[%clk 00:21:10]} {[%emt 00:00:47]} Nc6 {[%clk 00:30:05]} {[%emt
00:00:14]} 22. Qd6+ {[%clk 00:18:27]} {[%emt 00:02:52]} Ka8 {[%clk 00:29:52]}
{[%emt 00:00:25]} 23. Nb5 {[%clk 00:17:53]} {[%emt 00:00:44]} a6 {[%clk
00:28:07]} {[%emt 00:01:55]} 24. Nc7+ {[%clk 00:17:40]} {[%emt 00:00:23]} Ka7
{[%clk 00:28:06]} {[%emt 00:00:10]} 25. Qc5 {[%clk 00:14:32]} {[%emt 00:03:17]}
Bf5 {[%clk 00:25:55]} {[%emt 00:02:22]} 26. a4 {[%clk 00:13:02]} {[%emt
00:01:41]} Rd7 {[%clk 00:25:15]} {[%emt 00:00:50]} 27. Nb5+ {[%clk 00:09:28]}
{[%emt 00:03:44]} Kb8 {[%clk 00:22:11]} {[%emt 00:03:13]} 28. Qxb6 {[%clk
00:09:09]} {[%emt 00:00:30]} axb5 {[%clk 00:22:11]} {[%emt 00:00:05]} 29. axb5
{[%clk 00:07:43]} {[%emt 00:01:35]} Nxe5 {[%clk 00:22:11]} {[%emt 00:00:02]} 30.
Ra1 {[%clk 00:07:13]} {[%emt 00:00:41]} Rc8 {[%clk 00:20:25]} {[%emt 00:01:56]}
31. Qd4 {[%clk 00:05:56]} {[%emt 00:01:26]} f6 {[%clk 00:19:37]} {[%emt
00:00:59]} 32. b6 {[%clk 00:05:51]} {[%emt 00:00:15]} 1-0

[Event "2025 National K-12 Grade Championship"]
[Site "Spokane, WI USA, United States"]
[Date "2025.12.14"]
[Round "6.12"]
[White "Razmov, Gabriel"]
[Black "Marian, Aaron"]
[Result "0-1"]
[TimeControl "G/90; d10"]
[WhiteFideId "30990610"]
[BlackFideId "30964300"]
[WhiteElo "2009"]
[BlackElo "2143"]

1. d4 {[%clk 01:30:00]} {[%emt 00:00:05]} g6 {[%clk 01:29:12]} {[%emt
00:00:59]} 2. Nc3 {[%clk 01:29:42]} {[%emt 00:00:30]} Bg7 {[%clk 01:29:03]}
{[%emt 00:00:18]} 3. Bf4 {[%clk 01:28:41]} {[%emt 00:01:10]} d6 {[%clk
01:28:34]} {[%emt 00:00:39]} 4. e4 {[%clk 01:28:12]} {[%emt 00:00:40]} Nd7
{[%clk 01:26:18]} {[%emt 00:02:26]} 5. Qd2 {[%clk 01:21:54]} {[%emt 00:06:28]}
a6 {[%clk 01:24:42]} {[%emt 00:01:47]} 6. Nge2 {[%clk 01:20:40]} {[%emt
00:01:22]} b5 {[%clk 01:23:25]} {[%emt 00:01:27]} 7. f3 {[%clk 01:19:02]}
{[%emt 00:01:48]} c5 {[%clk 01:20:21]} {[%emt 00:03:15]} 8. Be3 {[%clk
01:15:00]} {[%emt 00:04:11]} Bb7 {[%clk 01:17:25]} {[%emt 00:03:07]} 9. g4
{[%clk 01:05:56]} {[%emt 00:09:13]} Rc8 {[%emt 00:15:03]} 10. O-O-O {[%clk
00:55:32]} {[%emt 00:00:01]} b4 {[%clk 01:00:03]} {[%emt 00:13:13]} 11. Nb1
{[%clk 00:53:33]} {[%emt 00:02:08]} Qa5 {[%clk 00:59:47]} {[%emt 00:00:26]} 12.
a3 {[%clk 00:47:54]} {[%emt 00:05:50]} Nb6 {[%clk 00:56:47]} {[%emt 00:03:10]}
13. Ng3 {[%clk 00:45:27]} {[%emt 00:02:35]} Na4 {[%clk 00:42:30]} {[%emt
00:14:28]} 14. Be2 {[%clk 00:37:23]} {[%emt 00:08:14]} Nf6 {[%clk 00:34:46]}
{[%emt 00:07:55]} 15. h4 {[%clk 00:32:42]} {[%emt 00:04:50]} Qc7 {[%clk
00:27:24]} {[%emt 00:07:34]} 16. axb4 {[%clk 00:28:43]} {[%emt 00:04:09]} cxb4
{[%clk 00:26:17]} {[%emt 00:01:17]} 17. Bd3 {[%clk 00:27:46]} {[%emt 00:01:06]}
Qa5 {[%clk 00:24:56]} {[%emt 00:01:31]} 18. Ne2 {[%clk 00:22:37]} {[%emt
00:05:18]} Nd7 {[%clk 00:23:44]} {[%emt 00:01:24]} 19. h5 {[%clk 00:20:11]}
{[%emt 00:02:36]} Ndc5 {[%clk 00:23:01]} {[%emt 00:00:54]} 20. Bc4 {[%clk
00:19:29]} {[%emt 00:00:51]} Nb6 {[%clk 00:11:34]} {[%emt 00:11:38]} 21. b3
{[%clk 00:16:22]} {[%emt 00:03:16]} Nca4 {[%clk 00:06:11]} {[%emt 00:05:33]} 22.
h6 {[%clk 00:14:21]} {[%emt 00:02:10]} Bf6 {[%emt 00:00:03]} 23. g5 {[%clk
00:12:52]} {[%emt 00:01:39]} d5 {[%clk 00:05:05]} {[%emt 00:01:16]} 24. Bd3
{[%clk 00:11:03]} {[%emt 00:01:58]} Nc3 {[%clk 00:03:50]} {[%emt 00:01:25]} 25.
Nexc3 {[%clk 00:10:41]} {[%emt 00:00:32]} bxc3 {[%clk 00:03:50]} {[%emt
00:00:02]} 26. Qg2 {[%clk 00:08:00]} {[%emt 00:02:50]} Qa1 {[%clk 00:03:45]}
{[%emt 00:00:17]} 27. Rdg1 {[%clk 00:07:56]} {[%emt 00:00:13]} Nc4 {[%clk
00:02:20]} {[%emt 00:01:36]} 28. Bxc4 {[%clk 00:04:40]} {[%emt 00:03:25]} dxc4
{[%clk 00:02:20]} {[%emt 00:00:06]} 29. bxc4 {[%clk 00:04:17]} {[%emt
00:00:32]} Qb2+ {[%clk 00:02:20]} {[%emt 00:00:02]} 30. Kd1 {[%clk 00:04:17]}
{[%emt 00:00:02]} Qxb1+ {[%clk 00:02:20]} {[%emt 00:00:01]} 31. Ke2 {[%clk
00:04:17]} {[%emt 00:00:02]} Qxc2+ {[%clk 00:02:20]} {[%emt 00:00:03]} 32. Kf1
{[%clk 00:01:57]} {[%emt 00:02:29]} Qb3 {[%clk 00:02:17]} {[%emt 00:00:14]} 33.
gxf6 {[%clk 00:01:53]} {[%emt 00:00:14]} exf6 {[%clk 00:02:17]} {[%emt
00:00:09]} 34. c5 {[%clk 00:01:40]} {[%emt 00:00:23]} a5 {[%clk 00:02:04]}
{[%emt 00:00:24]} 35. Kf2 {[%clk 00:01:31]} {[%emt 00:00:18]} Qc2+ {[%clk
00:01:57]} {[%emt 00:00:19]} 36. Kg3 {[%clk 00:01:31]} {[%emt 00:00:06]} Qd3
{[%clk 00:01:57]} {[%emt 00:00:02]} 37. Qf2 {[%clk 00:01:26]} {[%emt 00:00:16]}
O-O {[%clk 00:01:57]} {[%emt 00:00:07]} 38. Rb1 {[%clk 00:00:57]} {[%emt
00:00:39]} Ba8 {[%emt 00:00:14]} 39. Kg2 {[%clk 00:00:57]} {[%emt 00:00:03]} f5
{[%clk 00:01:54]} {[%emt 00:00:03]} 40. e5 {[%clk 00:00:48]} {[%emt 00:00:19]}
a4 {[%clk 00:01:54]} {[%emt 00:00:08]} 41. Rhc1 {[%clk 00:00:23]} {[%emt
00:00:34]} Rb8 {[%clk 00:01:54]} {[%emt 00:00:04]} 42. Rxb8 {[%clk 00:00:23]}
{[%emt 00:00:09]} Rxb8 {[%clk 00:01:54]} {[%emt 00:00:01]} 43. Rc2 {[%clk
00:00:14]} {[%emt 00:00:18]} a3 {[%clk 00:01:54]} {[%emt 00:00:04]} 44. Kh3
{[%clk 00:00:11]} {[%emt 00:00:13]} Rb2 {[%clk 00:01:54]} {[%emt 00:00:11]} 45.
Rxb2 {[%clk 00:00:11]} {[%emt 00:00:02]} axb2 {[%clk 00:01:54]} {[%emt
00:00:04]} 46. Qh4 {[%clk 00:00:11]} {[%emt 00:00:06]} Qf1+ {[%clk 00:01:49]}
{[%emt 00:00:14]} 47. Kh2 {[%clk 00:00:11]} {[%emt 00:00:07]} Qe2+ {[%clk
00:01:49]} {[%emt 00:00:08]} 48. Bf2 {[%clk 00:00:11]} {[%emt 00:00:07]} Qxf2+
{[%clk 00:01:49]} {[%emt 00:00:04]} 49. Qxf2 {[%clk 00:00:11]} {[%emt
00:00:04]} b1=Q {[%clk 00:01:49]} {[%emt 00:00:03]} 50. Qh4 {[%clk 00:00:11]}
{[%emt 00:00:06]} Qb8 {[%clk 00:01:30]} {[%emt 00:00:29]} 51. Qf6 {[%clk
00:00:06]} {[%emt 00:00:16]} Qf8 {[%clk 00:01:30]} {[%emt 00:00:01]} 52. Qg5
{[%clk 00:00:06]} {[%emt 00:00:04]} c2 {[%clk 00:01:30]} {[%emt 00:00:06]} 53.
Qd2 {[%clk 00:00:06]} {[%emt 00:00:02]} Bxf3 {[%clk 00:01:30]} {[%emt
00:00:09]} 54. Kg3 {[%clk 00:00:06]} {[%emt 00:00:03]} Be4 {[%clk 00:01:30]}
{[%emt 00:00:04]} 55. c6 {[%clk 00:00:06]} {[%emt 00:00:08]} Qa3+ {[%clk
00:01:19]} {[%emt 00:00:21]} 0-1

[Event "2025 National K-12 Grade Championship"]
[Site "Spokane, WI USA, United States"]
[Date "2025.12.14"]
[Round "6.13"]
[White "Zhu, Ryan"]
[Black "Das, Aditeya"]
[Result "0-1"]
[TimeControl "G/90; d10"]
[BlackTitle "FM"]
[WhiteFideId "30951828"]
[BlackFideId "30975972"]
[WhiteElo "2101"]
[BlackElo "2382"]

1. e4 {[%clk 01:30:00]} {[%emt 11:42:37]} c5 {[%clk 01:23:58]} {[%emt
00:06:14]} 2. Nf3 {[%clk 01:30:00]} {[%emt 00:00:08]} d6 {[%clk 01:23:58]}
{[%emt 00:00:03]} 3. Nc3 {[%clk 01:29:54]} {[%emt 00:00:16]} e5 {[%clk
01:23:58]} {[%emt 00:00:06]} 4. Bc4 {[%clk 01:29:54]} {[%emt 00:00:08]} Nc6
{[%clk 01:23:58]} {[%emt 00:00:06]} 5. h3 {[%clk 01:27:12]} {[%emt 00:02:52]}
h6 {[%clk 01:22:48]} {[%emt 00:01:20]} 6. a3 {[%clk 01:24:43]} {[%emt
00:02:38]} g6 {[%clk 01:21:40]} {[%emt 00:01:19]} 7. d3 {[%clk 01:22:26]}
{[%emt 00:02:26]} Bg7 {[%clk 01:21:25]} {[%emt 00:00:25]} 8. Be3 {[%clk
01:21:10]} {[%emt 00:01:25]} Nge7 {[%clk 01:21:25]} {[%emt 00:00:05]} 9. Ne2
{[%clk 01:16:55]} {[%emt 00:04:24]} Nd4 {[%clk 01:05:00]} {[%emt 00:16:36]} 10.
Bxd4 {[%clk 01:12:39]} {[%emt 00:04:26]} exd4 {[%clk 01:03:31]} {[%emt
00:01:39]} 11. c3 {[%clk 01:10:35]} {[%emt 00:02:14]} dxc3 {[%clk 01:03:07]}
{[%emt 00:00:35]} 12. Nxc3 {[%clk 01:07:45]} {[%emt 00:02:59]} O-O {[%clk
01:01:57]} {[%emt 00:01:20]} 13. O-O {[%clk 01:05:37]} {[%emt 00:02:16]} a6
{[%clk 00:57:37]} {[%emt 00:04:32]} 14. a4 {[%clk 01:01:50]} {[%emt 00:03:57]}
Nc6 {[%clk 00:56:33]} {[%emt 00:01:15]} 15. Qd2 {[%clk 01:00:38]} {[%emt
00:01:21]} Rb8 {[%clk 00:55:20]} {[%emt 00:01:24]} 16. Bd5 {[%clk 00:52:27]}
{[%emt 00:08:21]} Be6 {[%clk 00:53:39]} {[%emt 00:01:51]} 17. Bxe6 {[%clk
00:49:05]} {[%emt 00:03:33]} fxe6 {[%clk 00:53:39]} {[%emt 00:00:09]} 18. Ne2
{[%clk 00:47:14]} {[%emt 00:01:59]} a5 {[%clk 00:40:43]} {[%emt 00:13:08]} 19.
d4 {[%clk 00:42:42]} {[%emt 00:04:41]} Rxf3 {[%clk 00:32:49]} {[%emt 00:08:04]}
20. gxf3 {[%clk 00:41:12]} {[%emt 00:01:40]} cxd4 {[%clk 00:32:49]} {[%emt
00:00:03]} 21. f4 {[%clk 00:39:11]} {[%emt 00:02:10]} Qf6 {[%clk 00:31:47]}
{[%emt 00:01:13]} 22. Kh2 {[%clk 00:34:57]} {[%emt 00:04:23]} Kh7 {[%clk
00:31:13]} {[%emt 00:00:45]} 23. Rg1 {[%clk 00:33:27]} {[%emt 00:01:39]} h5
{[%clk 00:27:46]} {[%emt 00:03:37]} 24. Ra3 {[%clk 00:28:03]} {[%emt 00:05:34]}
Bh6 {[%clk 00:26:33]} {[%emt 00:01:23]} 25. Rag3 {[%clk 00:24:47]} {[%emt
00:03:25]} Rg8 {[%clk 00:26:09]} {[%emt 00:00:35]} 26. Kh1 {[%clk 00:23:20]}
{[%emt 00:01:37]} Rg7 {[%clk 00:24:42]} {[%emt 00:01:37]} 27. Qd1 {[%clk
00:18:58]} {[%emt 00:04:32]} h4 {[%clk 00:19:56]} {[%emt 00:04:57]} 28. Rg4
{[%clk 00:17:19]} {[%emt 00:01:47]} e5 {[%clk 00:19:53]} {[%emt 00:00:14]} 29.
R4g2 {[%clk 00:06:29]} {[%emt 00:11:00]} exf4 {[%clk 00:16:36]} {[%emt
00:03:27]} 30. f3 {[%clk 00:06:24]} {[%emt 00:00:15]} g5 {[%clk 00:12:39]}
{[%emt 00:04:07]} 31. Qd2 {[%clk 00:05:18]} {[%emt 00:01:15]} Rd7 {[%clk
00:10:07]} {[%emt 00:02:43]} 32. Rd1 {[%clk 00:04:16]} {[%emt 00:01:12]} Bg7
{[%clk 00:09:57]} {[%emt 00:00:21]} 33. Nc1 {[%clk 00:03:07]} {[%emt 00:01:19]}
Qe6 {[%clk 00:09:51]} {[%emt 00:00:16]} 34. Kh2 {[%clk 00:02:55]} {[%emt
00:00:22]} Bf6 {[%clk 00:09:34]} {[%emt 00:00:27]} 35. Qc2 {[%clk 00:02:23]}
{[%emt 00:00:42]} Kh6 {[%clk 00:09:04]} {[%emt 00:00:40]} 36. Qb3 {[%clk
00:02:21]} {[%emt 00:00:12]} Qxb3 {[%clk 00:07:20]} {[%emt 00:01:54]} 37. Nxb3
{[%clk 00:02:21]} {[%emt 00:00:02]} Rd8 {[%clk 00:07:14]} {[%emt 00:00:15]} 38.
Rc2 {[%clk 00:02:16]} {[%emt 00:00:14]} Kg6 {[%clk 00:07:11]} {[%emt 00:00:13]}
39. Kg2 {[%clk 00:02:04]} {[%emt 00:00:22]} Kf7 {[%clk 00:07:11]} {[%emt
00:00:08]} 40. Rc4 {[%clk 00:02:04]} {[%emt 00:00:06]} Ke6 {[%clk 00:07:04]}
{[%emt 00:00:18]} 41. Kf2 {[%clk 00:02:00]} {[%emt 00:00:14]} Ra8 {[%clk
00:06:52]} {[%emt 00:00:23]} 42. Rcc1 {[%clk 00:01:51]} {[%emt 00:00:18]} Ra6
{[%clk 00:06:52]} {[%emt 00:00:04]} 43. Na1 {[%clk 00:01:32]} {[%emt 00:00:29]}
Rb6 {[%clk 00:06:47]} {[%emt 00:00:15]} 44. Rb1 {[%clk 00:01:15]} {[%emt
00:00:27]} Kd7 {[%clk 00:05:51]} {[%emt 00:01:06]} 45. b3 {[%clk 00:01:13]}
{[%emt 00:00:11]} Nb4 {[%clk 00:05:51]} {[%emt 00:00:09]} 46. Rbc1 {[%clk
00:01:02]} {[%emt 00:00:21]} d3 {[%clk 00:05:51]} {[%emt 00:00:02]} 47. Rc4
{[%clk 00:00:59]} {[%emt 00:00:12]} Rc6 {[%clk 00:05:41]} {[%emt 00:00:21]} 48.
Rdc1 {[%clk 00:00:26]} {[%emt 00:00:42]} Rc5 {[%clk 00:05:41]} {[%emt
00:00:03]} 49. Kf1 {[%clk 00:00:11]} {[%emt 00:00:24]} b6 {[%clk 00:05:41]}
{[%emt 00:00:03]} 50. Kf2 {[%clk 00:00:05]} {[%emt 00:00:16]} Kc6 {[%clk
00:04:20]} {[%emt 00:01:30]} 51. Kf1 {[%clk 00:00:05]} {[%emt 00:00:04]} Bb2
{[%clk 00:04:17]} {[%emt 00:00:13]} 52. Rb1 {[%clk 00:00:05]} {[%emt 00:00:06]}
Bxa1 {[%clk 00:02:39]} {[%emt 00:01:48]} 53. Rxc5+ {[%clk 00:00:05]} {[%emt
00:00:07]} Kxc5 {[%clk 00:02:39]} {[%emt 00:00:04]} 54. Rxa1 {[%clk 00:00:05]}
{[%emt 00:00:02]} Nc2 {[%clk 00:02:39]} {[%emt 00:00:02]} 55. Rc1 {[%clk
00:00:04]} {[%emt 00:00:10]} Kd4 {[%clk 00:02:37]} {[%emt 00:00:13]} 56. Rb1
{[%clk 00:00:04]} {[%emt 00:00:08]} Kc3 {[%clk 00:02:27]} {[%emt 00:00:20]} 57.
Kf2 {[%clk 00:00:04]} {[%emt 00:00:04]} d2 {[%clk 00:02:02]} {[%emt 00:00:35]}
58. Ke2 {[%clk 00:00:04]} Ne3 {[%clk 00:02:02]} {[%emt 00:00:02]} 59. Rg1
{[%clk 00:00:04]} {[%emt 00:00:05]} Kc2 {[%clk 00:02:02]} {[%emt 00:00:09]} 60.
Ra1 {[%clk 00:00:04]} {[%emt 00:00:06]} d1=Q {[%clk 00:02:02]} {[%emt
00:00:05]} 61. Rxd1 {[%clk 00:00:04]} {[%emt 00:00:02]} Nxd1 {[%clk 00:02:02]}
{[%emt 00:00:02]} 62. e5 {[%clk 00:00:04]} {[%emt 00:00:01]} dxe5 {[%clk
00:02:02]} {[%emt 00:00:02]} 0-1